Responses for Show #9066 - Monday, March 25, 2024

2024 Jeopardy! Invitational Tournament quarterfinal game 4.

Contestants

[<< previous game]

Amy Schneider, a writer from Oakland, California

Austin Rogers, a bar owner and author from New York, New York

Celeste DiNucci, an arts strategist from Philadelphia, Pennsylvania

[next game >>]

Jeopardy! Round responses

THINKING ABOUT THE HOLY ROMAN EMPIRE
THE THEATER
LET'S GET A DRINK
SO NICE, WE NEED THE ANSWER TWICE
NAME THAT TOON
WORDS READ BACKWARDS
    $200 30
Charlemagne

Amy
    $200 25
gods

Amy
    $200 26
(Ken: Yes, you did well in that category.)

bourbon

Austin!
    $200 29
(Amy: Provide it!)
[Laughter]

Circus Circus

Amy
    $200 27
(Ken: Yes, he's the fast one.)

Dash

Austin!
    $200 28
(Austin: What is deer?)
(Ken: No.)
(Austin: [*]!)
...
(Ken: Yeah, sorry, Austin.)

Reed (from deer)

Austin!Amy
    $400 8
Liechtenstein

Austin!
    $400 5
(Celeste: What is A Chorus Line?)
...
(Ken: "The Winner Takes It all" by ABBA, this is [*].)

Mamma Mia!

Celeste
Triple Stumper
    $400 10
gin

Amy
    $400 22
(Austin: What is a wah?)
...
(Ken: Yes, we need the answer twice, Austin... it's in the category title.)

a wah-wah pedal

CelesteAustin!
    $400 23
Wilma Flintstone

Celeste
    $400 24
(Celeste: What is nori, or [*]?)

iron (from nori)

Celeste
    $600 21
the Thirty Years' War

Amy
    $600 6
Arthur Miller

Amy
    $600 11
(Ken: There we go, got a bartending category for ya.)

Captain Morgan

Austin!
    $600 1
the can-can

Austin!
    $600 20
(Ken: Yes, friend to you and me.)

George of the Jungle

Celeste
    $600 17
wolf (from flow)

Amy
    $800 14
the Habsburgs

Austin!
    $800 7
(Amy: What is Hyde Park?)
...
(Ken: I saw Carousel there and it's great; it's in [*].)

Regent's Park

Amy
Triple Stumper
    $800 19
a Sidecar

Austin!
    $800 3
Walla Walla

Amy
    $800 2
(Ken: From Kung Fu Panda, right.)

Po

Amy
    $800 16
tenner (from rennet)

Amy
    $1000 13
Westphalia

Amy
    $1000 18
Buenos Aires

Austin!
    $1,600 12
(Austin: Here's where I lose a bar if I get this wrong.)

a Tequila Sunrise

Austin!
    $1000 4
Dada

Amy
    $1000 9
Peter Porker

Celeste
    $1000 15
a recap (from pacer)

Amy

Scores at the first commercial break (after clue 15):

Celeste Austin! Amy
$600 $4,000 $4,800

Scores at the end of the Jeopardy! Round:

Celeste Austin! Amy
$2,400 $5,600 $7,600

Double Jeopardy! Round responses

PANHANDLE STATES
THE GRAMMYS' GREAT MOMENTS
MARINE BIOLOGY
IAMB A POET
FIVE GUYS
SAY IT IN LATIN
    $400 27
Florida

Austin!
    $400 22
(Ken: You did very well in that category; you're back at zero, well done.)
[Celeste laughs.]

Michael Jackson

Celeste
    $400 28
a trench

Celeste
    $400 29
(Ken: Glad you got that right, yes.)

a summer's day

Celeste
    $400 24
Morgan

Amy
    $400 30
bona fides

Austin!
    $800 26
Idaho

Austin!
    $800 21
"Proud Mary"

Celeste
    $800 11
a coral

Celeste
    $800 1
less traveled by

Amy
    $800 23
Tony Gwynn

Austin!
    $800 5
(Celeste: What is sui generis?)

per se

CelesteAmy
    $1200 3
(Celeste: What is Lubbock?)

Amarillo

CelesteAmy
    $1200 20
"Both Sides, Now"

Celeste
    $1,000 15
(Amy: What is... an angelfish?)

a sunfish

Amy
    $1200 2
Dickinson

Amy
    $1200 12
(Ken: It's a been a little too long to remember the name, [*].)

Sam Altman

Triple Stumper
    $1200 6
persona non grata

Amy
    $6,000 4
the Ohio

Amy
    $1600 14
LaBelle

Amy
    $1600 16
(Amy: What's an otter?)
(Ken: Can you be more specific?)

a sea otter

Amy
    $1600 9
I wandered lonely as a cloud

Amy
    $1600 13
(Celeste: Who is Hirohito?)
...
(Ken: His son, yes.)

Akihito

CelesteAustin!
    $1600 7
sine qua non

Amy
    $2000 25
Glacier Bay

Triple Stumper
    $2000 19
Stevie Wonder

Celeste
    $2000 17
(Celeste: What are nostrils?)

spiracles

CelesteAustin!
    $2000 10
(Austin: Uh... oh, crap, oops.)
[Laughter]
(Ken: Sorry, we can't accept, "Oops".)
(Celeste: Who is Burns?)

(Walter) Scott

CelesteAustin!Amy
    $2000 18
Joan Miró

Triple Stumper
    $2000 8
quod erat demonstrandum

Amy

Scores at the end of the Double Jeopardy! Round:

Celeste Austin! Amy
$800 $9,600 $28,600
(lock game)

[wagering suggestions for these scores]

Final Jeopardy! Round responses

NOTORIOUS FIGURES
(Ken: It's actually [*]; his nickname of "Scarface", he claimed was a war wound that, in fact, never actually happened.)
CelesteWho is Bullitt?!? ☹
$800
Austin!Who What is How can I beat Amy? (Well only!) shots on me!
$1,696
AmyWho is Colonel Parker?
$0
Al Capone

Final scores:

Celeste Austin! Amy
$0 $7,904 $28,600
3rd place: $5,000 2nd place: $5,000 Winner: semifinalist

Game dynamics:

Coryat scores:

Celeste Austin! Amy
$800 $9,000 $25,200
12 R,
6 W
15 R
(including 1 DD),
3 W
27 R
(including 1 DD),
2 W
(including 1 DD)

Combined Coryat: $35,000

[game clues] [game scores] [suggest correction]

Game tape date: 2024-02-26
The J! Archive is created by fans, for fans. Scraping, republication, monetization, and malicious use prohibited; this site may use cookies and collect identifying information. See terms. The Jeopardy! game show and all elements thereof, including but not limited to copyright and trademark thereto, are the property of Jeopardy Productions, Inc. and are protected under law. This website is not affiliated with, sponsored by, or operated by Jeopardy Productions, Inc. Join the discussion at JBoard.tv.